Etnología y etnografía de Guatemala

Gespeichert in:
Bibliographische Detailangaben
1. Verfasser: Termer, Franz (VerfasserIn)
Format: Buch
Sprache:Spanisch
Veröffentlicht: Ciudad de Guatemala Ministerio de Educación Pública 1957
Schriftenreihe:Seminario de Integración Social Guatemalteca, 5
Schlagworte:
Tags: Tag hinzufügen
Keine Tags, Fügen Sie den ersten Tag hinzu!

MARC

LEADER 00000nam a2200000 a 4500
001 UCT2363
003 CL-VaPUC
008 961011e19570000GT |||||||||||||||||spa|d
082 0 4 |a 572.9  |b TER  |2 21 
100 0 |a Termer, Franz  |e author  |9 371400 
245 1 0 |a Etnología y etnografía de Guatemala 
300 |a 299 p 
942 |c BK 
945 |d 19961011 00:00:00  |a paguirre 
260 |a Ciudad de Guatemala  |b Ministerio de Educación Pública  |c 1957 
650 0 |a Etnología   |9 258726 
650 0 |a Antropología social  |9 306264 
650 0 |a Cultura  |9 269059 
650 0 |a Antropología   |9 233030 
651 0 |a Guatemala  |9 258335 
583 |a last modification  |c 19961011 00:00:00  |k Rodrigo Vera 
490 0 |a Seminario de Integración Social Guatemalteca, 5 
999 |c 252494  |d 252492 
952 |0 0  |1 0  |2 ddc  |4 0  |6 572_900000000000000_TER_1957  |7 0  |8 A  |9 272386  |a BIBCUR  |b BIBCUR  |c PAC  |d 2019-11-19  |i 1761587  |o 572.9 TER 1957  |p 1761587  |r 2025-04-22  |w 2019-11-19  |y BK  |k BCB